Birds of the US - Shorebirds - Statistics

General Stats
  • This quiz has been taken 20 times
  • The average score is 40 of 52
Answer Stats
Hint Answer % Correct
Recurvirostra americana American Avocet
100%
Charadrius semipalmatus Semipalmated Plover
100%
Actitis macularius Spotted Sandpiper
100%
Haematopus palliatus American Oystercatcher
93%
Calidris bairdii Baird’s Sandpiper
93%
Himantopus mexicanus Black-necked Stilt
93%
Charadrius melodus Piping Plover
93%
Calidris canutus Red Knot
93%
Calidris alba Sanderling
93%
Calidris himantopus Stilt Sandpiper
93%
Tringa semipalmata Willet
93%
Phalaropus tricolor Wilson’s Phalarope
93%
Scolopax minor American Woodcock
86%
Pluvialis squatarola Black-bellied Plover
86%
Calidris melanotos Pectoral Sandpiper
86%
Phalaropus lobatus Red-necked Phalarope
86%
Calidris pusilla Semipalmated Sandpiper
86%
Charadrius nivosus Snowy Plover
86%
Tringa solitaria Solitary Sandpiper
86%
Calidris mauri Western Sandpiper
86%
Charadrius wilsonia Wilson’s Plover
86%
Gallinago delicata Wilson’s Snipe
86%
Pluvialis dominica American Golden Plover
79%
Calidris alpina Dunlin
79%
Tringa melanoleuca Greater Yellowlegs
79%
Limosa haemastica Hudsonian Godwit
79%
Numenius phaeopus Hudsonian Whimbrel
79%
Charadrius vociferus Killdeer
79%
Calidris minutilla Least Sandpiper
79%
Tringa flavipes Lesser Yellowlegs
79%
Limnodromus scolopaceus Long-billed Dowitcher
79%
Calidris maritima Purple Sandpiper
79%
Phalaropus fulicarius Red Phalarope
79%
Arenaria interpres Ruddy Turnstone
79%
Limnodromus griseus Short-billed Dowitcher
79%
Haematopus bachmani Black Oystercatcher
71%
Numenius americanus Long-billed Curlew
71%
Limosa fedoa Marbled Godwit
71%
Charadrius montanus Mountain Plover
71%
Pluvialis fulva Pacific Golden Plover
71%
Calidris pugnax Ruff
71%
Bartramia longicauda Upland Sandpiper
71%
Limosa lapponica Bar-tailed Godwit
57%
Arenaria melanocephala Black Turnstone
57%
Calidris subruficollis Buff-breasted Sandpiper
57%
Calidris virgata Surfbird
57%
Tringa incana Wandering Tattler
57%
Calidris fuscicollis White-rumped Sandpiper
57%
Calidris ptilocnemis Rock Sandpiper
50%
Calidris ferruginea Curlew Sandpiper
36%
Numenius tahitiensis Bristle-thighed Curlew
21%
Calidris acuminata Sharp-tailed Sandpiper
21%
No matching quizzes found
Score Distribution
Percent of People with Each Score
Percentile by Number Answered
Your Score History
You have not taken this quiz